| 000 | 00500nam a2200193Ia 4500 | ||
|---|---|---|---|
| 008 | 170918s9999 xx 000 0 und d | ||
| 020 | _a9780545341271 | ||
| 050 | _bK395 2010 | ||
| 100 | _aKerley, Barbara | ||
| 245 | 4 | _aThe extraordinary Mark Twain / | |
| 245 | _cby Barbara Kerley ; illustrated by Edwin Fotheringham. | ||
| 260 | _aNew York : | ||
| 260 | _bScholastic, | ||
| 260 | _c2010 | ||
| 300 | _aunpaged : | ||
| 300 | _bcolored illustration ; | ||
| 300 | _c27cm. | ||
| 500 | _a1090 | ||
| 999 |
_c343138 _d343138 |
||